000 00714nam a2200229 a 4500
001 BRL_627
005 20190320210827.0
008 110913s1931----gw-a#####d---#000-0#ger-#
041 _ager
044 _agw
050 4 _aPE1129.G3
_b.M33 1931
100 1 _aMac Callum, T. W.
_q(Thomas Watson)
_924466
245 1 0 _aEnglisch Perfekt!
_cvon T. W. Mac Callum ; mit vielen randzeichnungen von Tibor Gergely.
260 _aGermany
_bR. Piper & Co. : Verlag
_c1931
300 _a194 p.
_bil.
_c18 cm.
500 _aEstado físico: carece de encuadernación
500 _aAu662
650 1 4 _aInglés
_vTexto para extranjeros
_xAlemán
_924467
700 1 _aGergely, Tibor
_eil.
_924468
902 _aGRL
942 _2lcc
_cB
999 _c9439
_d9439